00694nam a2200181Ia 4500082001200000100002100012245010700033260002800140300002100168650005200189650003400241650004300275650004300318650002900361650004400390650006200434710001600496 aTS.0708 aSharma, Babu Lal 0aChittor, Udaipur evam Aklingji kshetra me uplabdh brahman dharm ki murtion dwara sanskriti ka adhyayan c1976bVikram University a252p. + C D - 56 aINDIA - CIVILIZATION///RAJASTHAN - CIVILIZATION aRAJASTHAN - HISTORY - SOURCES aIDOLS AND IMAGES - RAJASTHAN - UDAIPUR aIDOLS AND IMAGES - RAJASTHAN - CHITTOR aRAJASTHAN - CIVILIZATION aIDOLS AND IMAGES - RAJASTHAN - AKLINGJI aINDIA - HISTORY - SOURCES///RAJASTHAN - HISTORY - SOURCES aLunia, B.N.